BE [2.0] : cómo lograr que tu empresa sea un negocio exitoso y sostenible /

Detalles Bibliográficos
Autores principales: Collins, James C. (James Charles) (Autor), Lazier, William C. (Autor)
Otros Autores: Trabal, Betty (Traductor)
Formato: Electrónico eBook
Lenguaje:español
inglés
Publicado: Barcelona : REM, Reverté Management, [2024]
Materias:
Acceso en línea:Digitalia Hispánica

MARC

LEADER 00000nam a2200000Ii 4500
001 DIGREVMGM0081
003 NyNyDIG
006 m o d
007 cr |||||||||||
008 240808s2024 sp a ob 001 0 spa d
035 |a (OCoLC)1439598028 
040 |a DGITA  |b eng  |e rda  |e pn  |c DGITA 
020 |a 9788429198119  |q pdf 
020 |a 9788429198102  |q ePub 
020 |z 9788417963965  |q papel 
041 1 |a spa  |h eng 
050 1 4 |a HD31.2 ebook 
082 0 4 |a 658.4  |2 23 
082 0 4 |a 658.022  |2 23 
082 0 4 |a 658.11  |2 23 
100 1 |a Collins, James C.  |q (James Charles),  |e author. 
240 1 0 |a Be [2.0].  |l Spanish  |s (Trabal) 
245 1 0 |a BE [2.0] :  |b cómo lograr que tu empresa sea un negocio exitoso y sostenible /  |c Jim Collins, Bill Lazier ; traducción, Betty Trabal. 
246 3 |a BE 2.0 
246 3 0 |a Cómo lograr que tu empresa sea un negocio exitoso y sostenible  
264 1 |a Barcelona :  |b REM, Reverté Management,  |c [2024] 
300 |a 1 online resource :  |b illustrations. 
336 |a text  |b txt  |2 rdacontent 
337 |a computer  |b c  |2 rdamedia 
338 |a online resource  |b cr  |2 rdacarrier 
347 |a text file  |2 rdaft 
347 |b PDF 
347 |b EPUB 
500 |a Del autor del betseller Good to great. 
504 |a Includes bibliographical references and index. 
588 0 |a Online resource; title from PDF title page (Digitalia, viewed August 8, 2024) 
650 0 |a Small business  |x Management. 
650 0 |a Organizational effectiveness. 
650 0 |a Success in business. 
700 1 |a Lazier, William C.,  |e author. 
700 1 |a Trabal, Betty,  |e translator. 
700 1 |i Translation of:  |a Collins, James C.  |q (James Charles).  |t Be [2.0]. 
791 2 |a Digitalia (Firm),  |e distributor. 
793 0 |g Digitalia eBook Collection:  |a Reverté Management 
776 0 8 |i Print version:  |a Collins, James C. (James Charles).  |s Be [2.0]. Spanish (Trabal).  |t BE [2.0].  |d Barcelona : REM, Reverté Management, [2024]  |z 9788417963965 
856 4 0 |3 Digitalia Hispánica  |u https://www.digitaliapublishing.com/a/157261/ 
910 |a Premium collection: 2024